Disbursing clerk 3 & 2 (Record no. 493829)

000 -LEADER
fixed length control field 00343cam a22001097a 4500
008 - FIXED-LENGTH DATA ELEMENTS--GENERAL INFORMATION
fixed length control field 180718b1953 xxu||||| |||| 00| 0 eng d
082 ## - DEWEY DECIMAL CLASSIFICATION NUMBER
Classification number N1300x73 Un3
245 ## - TITLE STATEMENT
Title Disbursing clerk 3 & 2
Statement of responsibility, etc. by Bureau of Naval Personnel
260 ## - PUBLICATION, DISTRIBUTION, ETC.
Place of publication, distribution, etc. Washington, D.C.
Name of publisher, distributor, etc. U.S. Government Printing Office
Date of publication, distribution, etc. 1953
300 ## - PHYSICAL DESCRIPTION
Extent 259p.
700 ## - ADDED ENTRY--PERSONAL NAME
Personal name Bureau of Naval Personnel
Holdings
Withdrawn status Lost status Damaged status Not for loan Permanent Location Current Location Date acquired Full call number Barcode Date last seen Price effective from Koha item type
        Indian Institute of Public Administration Indian Institute of Public Administration 2018-08-04 N1300x73 Un3 GR1314 2018-08-04 2018-08-04 GR

Powered by Koha